Normal view
MARC view
Entry Término temático
001 - NÚMERO DE CONTROL
- campo de control: 61589
003 - IDENTIFICADOR DEL NÚMERO DE CONTROL
- campo de control: OSt
005 - FECHA Y HORA DE LA ÚLTIMA TRANSACCIÓN
- campo de control: 20200615035237.0
008 - DATOS DE LONGITUD FIJA
- campo de control de longitud fija: 200615|| aca||aabn | a|a d
040 ## - FUENTE DE LA CATALOGACIÓN
- Centro catalogador/agencia de origen: OSt
- Centro/agencia transcriptor: OSt
150 ## - ENCABEZAMIENTO--TÉRMINO DE MATERIA
- Término de materia o nombre geográfico como elemento de entrada: TRABAJO Y TRABAJADORES
- Subdivisión general: ACTIVIDAD POLÍTICA
- Subdivisión geográfica: REPÚBLICA DOMINICANA
- Subdivisión general: CONGRESOS, CONFERENCIAS, ETC
670 ## - FUENTE DE DATOS ENCONTRADOS
- Cita de la fuente: Work cat.: (OSt)35158: Jimenes Grullón, Juan Isidro 1903-1983 2482, La tragedia dominicana y el Primer Congreso ordinario de la C.T.A.L. /, 2011.
